000
00314nam a22001217a 4500
008
250217b |||||||| |||| 00| 0 eng d
050
_a
HD2956
_b
.M55
100
_a
MILLER, Raymond W.
245
_a
A Conservative Looks At Cooperative
260
_a
U.S.A
_b
Ohio University Press
_c
1964
300
_a
205p.
942
_c
BK
999
_c
1942
_d
1942